| 000 | 01304nam a2200385Ic 4500 | ||
|---|---|---|---|
| 001 | 58611 | ||
| 003 | CO-BoRNBP | ||
| 005 | 20250827150505.0 | ||
| 007 | ta | ||
| 008 | 200115s2019 ck 000 0 spa d | ||
| 020 | _a9789580013778 | ||
| 040 |
_aCO-BoRNBP _bspa _erda _cCO-BoRNBP |
||
| 041 | 0 | _aspa | |
| 084 | _aN | ||
| 100 |
_aRebull, Cristina _eaut _963647 |
||
| 245 | 1 | 3 |
_aEl príncipe de las pulgas / _cCristina Rebull ; ilustraciones Samuel Castaño. |
| 250 | _aEdición especial | ||
| 264 | 1 |
_aBogotá, Colombia : _bEducactiva, _c2019 |
|
| 300 |
_a128 páginas : _bilustraciones en blanco y negro |
||
| 336 |
_2rdacontent _atexto _btxt |
||
| 337 |
_2rdamedia _asin mediación _bn |
||
| 338 |
_2rdacarrier _avolumen _bnc |
||
| 490 | 0 | _aPlan Nacional de Lectura y Escritura Leer es mi Cuento / Ministerio de Cultura | |
| 521 | _aRecomendado para un público infantil mayor de 9 años | ||
| 650 | 0 | 7 |
_aAdopción _vNovela _2lemb _963648 |
| 650 | 0 | 4 |
_aLiteratura infantil cubana _2LEMB _963649 |
| 650 | 0 | 7 |
_aMascotas _vNovela _2lemb _963639 |
| 650 | 0 | 7 |
_aNiños y mascotas _vNovela _2lemb _963650 |
| 650 | 0 | 4 |
_aNovela infantil Cubana _2LEMB _963651 |
| 655 |
_aNovela _963194 |
||
| 655 |
_aNovela _963194 |
||
| 655 |
_aNovela _963194 |
||
| 700 |
_aCastaño, Samuel _eill _963652 |
||
| 942 |
_2loc _cBK |
||
| 999 |
_c58611 _d58611 |
||